Mechanical properties and durability studies on paver blocks with partial replacement of sewage as fine aggregate (Record no. 50893)

MARC details
000 -LEADER
fixed length control field 00709nam a2200169 a 4500
008 - FIXED-LENGTH DATA ELEMENTS--GENERAL INFORMATION
fixed length control field 220808s2021 ||||||||||||||||| || u
050 ## - LIBRARY OF CONGRESS CALL NUMBER
Classification number CBU-UG THESIS/ZUL
100 ## - MAIN ENTRY--PERSONAL NAME
Personal name Zulu, Emmanuel
245 10 - TITLE STATEMENT
Title Mechanical properties and durability studies on paver blocks with partial replacement of sewage as fine aggregate
Statement of responsibility, etc. By Emmanuel Zulu
260 ## - PUBLICATION, DISTRIBUTION, ETC.
Place of publication, distribution, etc. Kitwe
Name of publisher, distributor, etc. Copperbelt University
Date of publication, distribution, etc. 2021
300 ## - PHYSICAL DESCRIPTION
Extent viii, 41 pages [various pages] : illustrations
500 ## - GENERAL NOTE
General note ACCOMPANIED BY CD
650 ## - SUBJECT ADDED ENTRY--TOPICAL TERM
Topical term or geographic name entry element SEWAGE SLUDGE
650 ## - SUBJECT ADDED ENTRY--TOPICAL TERM
Topical term or geographic name entry element PAVER BLOCKS
650 ## - SUBJECT ADDED ENTRY--TOPICAL TERM
Topical term or geographic name entry element CIVIL ENGINEERING
995 ## - RECOMMENDATION 995 [LOCAL, UNIMARC FRANCE]
-- CBU-MAIN LIBRARY (Kitwe)
-- 1
-- AVAILABLE
-- Aug 9, 2022
-- University Collection
Holdings
Withdrawn status Lost status Source of classification or shelving scheme Damaged status Not for loan Home library Current library Shelving location Date acquired Total Checkouts Full call number Barcode Date last seen Price effective from Koha item type
          CBU-MAIN LIBRARY, KITWE. CBU-MAIN LIBRARY, KITWE.   11/30/2022   CBU-UG THESIS/ZUL B4963 11/30/2022 11/30/2022 MONOGRAPH